000
00302nam a2200109Ia 4500
008
180305s9999 xx 000 0 und d
020
_a
9718170170
100
_a
Cruz, Liwayway Memije
245
_c
Liwayway Memije Cruz
_a
Ecology/
260
_a
Philippine
_b
Booklore Pub. Corp.
_c
2000
300
_a
197 Pages
999
_c
356064
_d
356064